000 00681nam a2200169 i 4500
001 37540
003 ES-MaACL
005 20230906155609.0
007 t|
008 030318s1907 sp ||||1| fre d
100 1 _aComas y Llabería, César.
_939955
245 1 0 _aIrradiation Röntgen preventive intra-abdominale, aprés l'intervention chirurgicale dans un cas de cancer de l'uterus
_b: communication au IIIe Congrès de ... Radiologie medicale... /
_cpar les docteurs C. Comas et A. Prió.
260 _aBarcelone :
_b[s.n.],
_c1907.
650 4 _aAparato genital femenino-
_xEnfermedades-
_xRadioterapia.
_9165463
700 1 _aPrió, A.
_9156737
852 _aES-MaACL
_jT-1198-F-6
999 _c37540
_d37540